MARC

LEADER 00000nam0a2200000 4500
001 118630
005 20231031124211.0
035 |a (RuTPU)RU\TPU\book\128368 
035 |a RU\TPU\book\128364 
090 |a 118630 
100 |a 20070615d1977 k y0rusy50 ca 
101 0 |a rus 
102 |a RU 
105 |a a b 000zy 
200 1 |a Центробежные компрессорные машины  |e каталог 4-77  |f Научно-исследовательский институт экономики, организации производства и технико-экономической информации в энергетическом машиностроении (НИИЭИНФОРМЭНЕРГОМАШ) 
210 |a Москва  |c НИИЭИНФОРМЭНЕРГОМАШ  |d 1977 
215 |a 260 с.  |c ил. 
333 |a Исключено из фонда НТБ ТПУ 
712 0 2 |a Научно-исследовательский институт экономики, организации производства и технико-экономической информации в энергетическом машиностроении (НИИЭИНФОРМЭНЕРГОМАШ) 
801 1 |a RU  |b 63413507  |c 20051216  |g PSBO 
801 2 |a RU  |b 63413507  |c 20220617  |g PSBO 
942 |c BK